00627nam a2200205Ia 450000100060000000300090000600500170001500800410003202000220007304000280009504100080012308200170013110000210014824500880016926000780025730000180033565000280035365000200038170000200040119724DO-CoUTE20260204212611.0220104s9999 dr 000 0 spa d a978-958-725-098-5 aDO-CoUTEbspacDO-CoUTE0 aspa a635.63 B685m1 aBojacá, Carlos10aManual de producción de pepino bajo invernadero / Carlos Bojacá, Oscar Monsalve aBogotá, Colombia : Editorial Universidad de Bogotá Jorge Tadeo Lozano a207 páginas 4aCultivos de invernadero 4aPepinos-cultivo1 aMonsalve, Oscar